000 00324nam a22001337a 4500
008 170608b xxu||||| |||| 00| 0 eng d
020 _a0870843508
041 _aeng
080 _a94
100 _a18
101 _aSHH
245 _aHATE CRIME: INTERNATIONAL PERSPECTIVES ON CAUSES AND CONTROL
_cHAMM,M.S
942 _2udc
_cBK
999 _c16563
_d16563